Statistics for US Cities - Tile Select

Click here to take the quiz!

General Stats

  • This quiz has been taken 158 times
  • The average score is 23 of 25

Answer Stats

QuestionTileSelect% Correct
the names of US citiesSydneyNo
100%
the names of US citiesLagosNo
99%
the names of US citiesSan SalvadorNo
98%
the names of US citiesLos AngelesYes
97%
the names of US citiesMarseilleNo
97%
the names of US citiesNew York CityYes
97%
the names of US citiesOttawaNo
97%
the names of US citiesChicagoYes
96%
the names of US citiesLondonNo
96%
the names of US citiesNew OrleansYes
96%
the names of US citiesTorontoNo
96%
the names of US citiesDetroitYes
95%
the names of US citiesMiamiYes
95%
the names of US citiesSan DiegoYes
95%
the names of US citiesSeattleYes
95%
the names of US citiesHoustonYes
94%
the names of US citiesMelbourneNo
93%
the names of US citiesYorkNo
93%
the names of US citiesParisNo
91%
the names of US citiesJacksonvilleYes
90%
the names of US citiesSan AntonioYes
87%
the names of US citiesVancouverNo
85%
the names of US citiesAlbanyYes
83%
the names of US citiesCharlotteYes
83%
the names of US citiesOlympiaYes
65%

Score Distribution

Percentile by Number Answered

Percent of People with Each Score

Your Score History

You have not taken this quiz